000 00450nam a2200157Ia 4500
008 210716s1998 xx 000 0 und d
020 _a0132663546
041 _aeng
082 _a658.4 SCOW
100 _aScott, W Richard.
245 _aOrganizations:rational natural and open systems.
_bRational natural and open systems.
250 _a4
260 _aNew Jersey
_bPrentice Hall
_c1998
300 _axvi,416
650 _aOrganisational Behavior
999 _c203048
_d203048